00541 2200205 4500245005300000020001800053250001100071100001500082700002400097700003000121700002400151650001800175650001700193005001900210260004300229041001400272084001200286300002800298336000900326 aMangapa Memilih Bank Syariah ?cEdy WibowohText a979-450-507-2 aCet. 1 aEdy Wibowo aUntung Hendy Widodo aRiska Agustin Indriaswari aRisman F. Sikumbank aEkonomi Islam aBank Syariah a20230412102356 aBogorbPenerbit Ghalia Indonesiac2005 aIndonesia a297.273 axii, 108 hlm. :c23 cm. atext